| 000 | 00604nac a22001691u 4500 | ||
|---|---|---|---|
| 008 | 080904s1979 ku|||||r||| 000 0 ra d | ||
| 082 |
_a182 _bب د و _222 |
||
| 245 |
_aربيع الفكر اليونانى/ _cعبد الرحمن بدوي |
||
| 250 | _aط5 | ||
| 260 |
_aالكويت: _bوكالة المطبوعات، 1979 _c1979 |
||
| 300 |
_a200 ؛ص _c24 سم |
||
| 500 | _aيحتوي على كشاف بالأعلام | ||
| 504 | _a يحتوى على ببليوجرافية ص181-195 | ||
| 511 | _aCatalogued by: Sara | ||
| 541 | _aالف باء ؛ | ||
| 942 |
_cBB _k182ب د و _2ddc |
||
| 999 |
_c5426 _d5426 |
||